| 000 | 00893nam a22001577a 4500 | ||
|---|---|---|---|
| 003 | OSt | ||
| 005 | 20151130085221.0 | ||
| 008 | 151130b xxu||||| |||| 00| 0 eng d | ||
| 040 | _cRUA | ||
| 082 | _aFIS បេង 1996 B162 Or.1 | ||
| 100 |
_93987 _aបេងប៊ុននេត |
||
| 245 | _aPractical effectiveness of family fish culture in samdech hun sen development center "krung yov"sa-ang district ,kandal province (ប្រសិទ្ធនៃការអនុវត្តន៏ការចិញ្ចឹមត្រីជាលក្ខណ្ខះគ្រួសារក្នុងមជ្ឈមណ្ឌលអភិវឌ្ឍន៏សម្ដេចហ៊ុនសែន ឃំុក្រាំងយ៉ូវស្រុកស្អាងខេត្តកណ្ដាល) | ||
| 260 |
_aPhnom Penh _bRUA _c1996 |
||
| 300 |
_a72p. _bill. _c29cm. |
||
| 942 |
_2ddc _cFIS |
||
| 999 |
_c3707 _d3707 |
||